000
00290nam a22001337a 4500
008
170523b xxu||||| |||| 00| 0 eng d
020
_a
18209
041
_a
eng
080
_a
94(3)
100
_a
16
101
_a
SHH
245
_a
ANCIENT AND MEDIEVAL HISTORY
_c
MAGOFFIN
942
_2
udc
_c
BK
999
_c
13855
_d
13855